A treatise on the construction and use of milling machines made by Brown & Sharpe mfg. co. : Providence, R.I., U.S.A., manufacturers of machinery and tools.

Bibliographic Details
Corporate Author: Brown & Sharpe Manufacturing Co., Providence
Format: Book
Language:English
Published: Providence, R.I. : Brown & Sharpe manufacturing co., 1896.
Subjects:

MARC

Tag First Indicator Second Indicator Subfields
LEADER 00000cam a2200000 4500
001 in00000095674
005 20150925085512.0
008 800401s1896 riua c 00010 eng
010 |a  06035632  
035 |a (OCoLC)06153517 
035 |9 AAL1891AM 
040 |a DLC  |c TXA  |d UtOrBLW 
049 |a TXAM  |c [45418] 
050 0 |a TJ1225  |b .B87 1896 
110 2 |a Brown & Sharpe Manufacturing Co., Providence. 
245 1 2 |a A treatise on the construction and use of milling machines made by Brown & Sharpe mfg. co. :  |b Providence, R.I., U.S.A., manufacturers of machinery and tools. 
264 1 |a Providence, R.I. :  |b Brown & Sharpe manufacturing co.,  |c 1896. 
300 |a vii, 1 unnumbered page, 246 pages including illustrations, tables, diagrams frontispiece ;  |c 24 cm. 
336 |a text  |b txt  |2 rdacontent 
337 |a unmediated  |b n  |2 rdamedia 
338 |a volume  |b nc  |2 rdacarrier 
650 0 |a Milling-machines  |x Catalogs. 
999 |a MARS 
999 f f |s a4929b1f-9ed8-3725-af39-1e2a7d5aea0a  |i f0931de3-3999-3b3e-83e9-8380d45e762e  |t 0 
952 f f |p ric  |a Texas A&M University  |b Rellis Campus  |c Joint Library Facility  |d Remote Storage  |t 0  |e TJ1225 .B87 1896  |h Library of Congress classification  |i unmediated -- volume  |m A14805453132 
998 f f |a TJ1225 .B87 1896  |t 0  |l Remote Storage